000
00278nam a22001337a 4500
008
180112b xxu||||| |||| 00| 0 eng d
020
_a
9780874349139
041
_a
eng
080
_a
610
100
_a
4
101
_a
SHM
245
_a
Diseases
_c
Schill, P.D
942
_2
udc
_c
BK
999
_c
40188
_d
40188